Nocions de puericultura / per Josep Roig i Raventós
Descripción Física:
39 p. ; 19 cm
Colección:
Minerva : col·lecció popular dels coneixements indispensables
; 35
Materias:
Puericultura
MARC
| LEADER | 00000nam a2200000Ia 4500 | ||
|---|---|---|---|
| 001 | 1007 | ||
| 008 | 160829s1921 xx 000 0 cat d | ||
| 080 | |a O-1-92 | ||
| 100 | |a Roig i Raventós, Josep |9 25564 | ||
| 245 | |a Nocions de puericultura / per Josep Roig i Raventós | ||
| 260 | |a Barcelona : |b Ed. Políglota, |c 1921 | ||
| 300 | |a 39 p. ; |c 19 cm | ||
| 490 | |a Minerva : col·lecció popular dels coneixements indispensables ; |v 35 | ||
| 590 | |a Enquadernada a continuació de 'Els continents colonials' / per Joan Palau Vera | ||
| 650 | 0 | |a Puericultura |9 25715 | |
| 856 | 4 | |u https://media.diba.cat/diba/fitxers/arxiu/Minerva-Coneixements/V35-Nocions-de-puericultura.pdf |y Accés lliure | |
| 856 | |u http://media.diba.cat/diba/fitxers/arxiu/Minerva-Coneixements/V35-Nocions-de-puericultura.pdf |z V35-Nocions-de-puericultura.pdf | ||
| 901 | |a Arxiu | ||
| 942 | |n 1 | ||
| 952 | |0 0 |1 0 |4 0 |6 O192 |7 1 |9 45026 |a Arxiu |b Arxiu |d 2016-12-01 |l 0 |o O-1-92 |p 1007 |r 2016-12-01 00:00:00 |w 2016-12-01 |y ARXIU | ||
| 999 | |c 47639 |d 47639 | ||